Biblioteca "Ernesto Sabato"
Facultad de Derecho y Ciencias Sociales
Facultad de Lenguas
Universidad Nacional del Comahue

La JUSTICIA: Discurso o mercado? : Los nuevos enfoques de la teoría contractualista (Record no. 34843)

MARC details
000 -CABECERA
campo de control de longitud fija 00825cam a22002532a 4500
001 - NÚMERO DE CONTROL
campo de control 002435
003 - IDENTIFICADOR DEL NÚMERO DE CONTROL
campo de control AR-FADEU
005 - FECHA Y HORA DE LA ÚLTIMA TRANSACCIÓN
campo de control 20220404112343.0
008 - DATOS DE LONGITUD FIJA--INFORMACIÓN GENERAL
campo de control de longitud fija 311216n1992####xxu####################dd
020 ## - ISBN
Número Internacional Estándar del Libro 84-7432-439-4
040 ## - FUENTE DE LA CATALOGACIÓN
Centro/agencia transcriptor Biblioteca Ernesto Sábato
092 ## - SIGNATURA TOPOGRÁFICA
Número de clasificación 320.51
Libristica K39
Sector JLS
245 ## - MENCIÓN DE TÍTULO
Título La JUSTICIA: Discurso o mercado? : Los nuevos enfoques de la teoría contractualista
260 ## - PUBLICACIÓN, DISTRIBUCIÓN, ETC. (PIE DE IMPRENTA)
Lugar de publicación, distribución, etc. Barcelona
260 ## - PUBLICACIÓN, DISTRIBUCIÓN, ETC. (PIE DE IMPRENTA)
Nombre del editor, distribuidor, etc. Gedisa
260 ## - PUBLICACIÓN, DISTRIBUCIÓN, ETC. (PIE DE IMPRENTA)
Fecha de publicación, distribución, etc. 1992
300 ## - DESCRIPCIÓN FÍSICA
Paginas 295 p.
440 ## - MENCIÓN DE SERIE/PUNTO DE ACCESO ADICIONAL--TÍTULO
Título Estudios alemanes
500 ## - NOTA GENERAL
Nota general Contiene artículos de varios autores: Viktor Vanberg; Reinhard Wippler; Peter Koller; Klaus Eder;Lucian Kern; etc.
650 ## - Descriptores Tematicos
Término de materia o nombre geográfico como elemento inicial CONTRATO SOCIAL-JUSTICIA; INSTITUCIONES SOCIALES-CONTRATO SOCIAL /JLS/
700 ## - Coautores y traductores
Nombre de persona Lucian, kern
700 ## - Coautores y traductores
Nombre de persona Hans Peter, Muller
942 ## - ELEMENTOS DE PUNTO DE ACCESO ADICIONAL (KOHA)
Tipo de ítem Koha JLS
Fuente del sistema de clasificación o colocación Dewey Decimal Classification
Holdings
Estado de retiro Estado de pérdida Fuente del sistema de clasificación o colocación Estado dañado No para préstamo Localización permanente Ubicación/localización actual Fecha de adquisición Número de inventario Total de préstamos Signatura topográfica completa Código de barras Fecha visto por última vez Precio válido a partir de Tipo de ítem Koha
    Dewey Decimal Classification     Biblioteca Ernesto Sabato - FADECS - UNCOMA Biblioteca Ernesto Sabato - FADECS - UNCOMA 04/04/2022 393   320.52 K39 393 04/04/2022 04/04/2022 JLS
Facultad de Derecho y Ciencias Sociales | Universidad Nacional del Comahue | Mendoza y Perú General Roca | Río Negro CP (8332) | Patagonia Argentina | Teléfono: 54-0298-4433670 | | Fax: 0298-4432093 | Fax alumnos: 0298-4435700